000 00822nam a2200265Ia 4500
003 OSt
005 20220924124105.0
006 a|||||r|||| 00| 0
007 ta
008 220923b |||||||| |||| 00| 0 urd d
020 _a9788180421464
020 _c800
024 _a319544
037 _b5724/5, 11/03/2010, Modern Publishing House
_cTextual
040 _aARTS
_cARTS
_burd
041 _2urd
_aurd
082 _aO168,6N36x, P9
100 _aMughal Zamarrud Au.
_9194770
245 0 _aSaqi FarooqI
_b qatre se guhar hone tak
260 _aNew Delhi
_b Modern publishing house India
_c2009
300 _a183p.
_ccm.
650 _aURDU PROSE
_926866
942 _hO168,6N36x, P9
_cTEXL
_2CC
999 _c418337
_d418337